Phân tích tác phẩm theo cấu trúc – loại hình /

Tallennettuna:
Bibliografiset tiedot
Päätekijä: Trịnh Bá Đĩnh
Aineistotyyppi: Artikkeli
Kieli:Vietnamese
Aiheet:
Tagit: Lisää tagi
Ei tageja, Lisää ensimmäinen tagi!
Thư viện lưu trữ: Thư viện Trường Đại học Đà Lạt
LEADER 00759nam a2200265 4500
001 DLU040026816
040 # # |a DLU  |b vie 
041 # # |a vie 
044 # # |a vn 
100 # # |a Trịnh Bá Đĩnh 
245 # # |a Phân tích tác phẩm theo cấu trúc – loại hình /  |c Trịnh Bá Đĩnh 
653 # # |a Đọc sách 
653 # # |a Nghiên cứu văn học 
653 # # |a Thiền uyển tập anh 
773 # # |a Tạp chí Văn học  |g Số 2 - 2003, tr. 79 - 81 
920 # # |a Phòng Tạp chí -- Trung tâm Thông tin - Thư viện Trường Đại học Đà Lạt 
933 # # |a NV 
994 # # |a DLU 
900 # # |a True 
911 # # |a Nguyễn Năng Hải 
925 # # |a G 
926 # # |a A 
927 # # |a BB 
980 # # |a Thư viện Trường Đại học Đà Lạt